Colonialism English & Punjabi / (Record no. 354079)

000 -LEADER
fixed length control field 00826nam a22002655i 4500
001 - CONTROL NUMBER
control field 18627244
003 - CONTROL NUMBER IDENTIFIER
control field OSt
005 - DATE AND TIME OF LATEST TRANSACTION
control field 20180116192426.0
008 - FIXED-LENGTH DATA ELEMENTS--GENERAL INFORMATION
fixed length control field 150522s2015 pk 000 0 eng
010 ## - LIBRARY OF CONGRESS CONTROL NUMBER
LC control number 2015325324
020 ## - INTERNATIONAL STANDARD BOOK NUMBER
International Standard Book Number 9789698535292
025 ## - OVERSEAS ACQUISITION NUMBER
Overseas acquisition number P-E-2015325324; 31
037 ## - SOURCE OF ACQUISITION
Source of stock number/acquisition Library of Congress -- Islamabad Overseas Office
Terms of availability Rs 500
040 ## - CATALOGING SOURCE
Original cataloging agency DLC
Language of cataloging eng
Transcribing agency DLC
Description conventions rda
042 ## - AUTHENTICATION CODE
Authentication code lcode
082 ## - DEWEY DECIMAL CLASSIFICATION NUMBER
Classification number 325.3
Author Mark SHA
100 1# - MAIN ENTRY--PERSONAL NAME
Personal name Shāh, Ṣafdar ʻAlī,
Dates associated with a name 1948-
Relator term author.
9 (RLIN) 8090
245 10 - TITLE STATEMENT
Title Colonialism English & Punjabi /
Statement of responsibility, etc. Safdar Ali Shah.
260 ## - PUBLICATION, DISTRIBUTION, ETC.
Place of publication, distribution, etc. Islamabad:
Name of publisher, distributor, etc. National University of Science and Technology,
Date of publication, distribution, etc. 2014.
300 ## - PHYSICAL DESCRIPTION
Extent 349 pages ;
Dimensions 23 cm
650 ## - SUBJECT ADDED ENTRY--TOPICAL TERM
Topical term or geographic name entry element Panjabi literature.
9 (RLIN) 8091
906 ## - LOCAL DATA ELEMENT F, LDF (RLIN)
a 0
b ibc
c origode
d 3
e ncip
f 20
g y-gencatlg
942 ## - ADDED ENTRY ELEMENTS (KOHA)
Source of classification or shelving scheme
Koha item type Book
Holdings
Withdrawn status Lost status Source of classification or shelving scheme Damaged status Not for loan Permanent Location Current Location Date acquired Source of acquisition Full call number Barcode Date last seen Copy number Price effective from Koha item type Cost, replacement price
          School of Art Design and Architecture (SADA) School of Art Design and Architecture (SADA) 06/16/2015 Donation 325.3 SHA 2014 SADAD0000087 06/18/2015 01 06/18/2015 Book  
          School of Art Design and Architecture (SADA) School of Art Design and Architecture (SADA) 12/08/2015 Donation 325.3 SHA 2014 SADAD0000090 01/05/2017 02 01/05/2017 Book 0.00
© 2023 Central Library, National University of Sciences and Technology. All Rights Reserved.